| 000 | 00876cam a2200277 4500 | ||
|---|---|---|---|
| 001 | 4553220 | ||
| 003 | BD-DhUL | ||
| 005 | 20170122102126.0 | ||
| 008 | 691203s1969 nyu 000 0 eng | ||
| 010 | _a 72093142 | ||
| 040 |
_aDLC _cBD-DhUL _dBD-DhUL |
||
| 050 | 0 | 0 |
_aBR83 _b.L48 |
| 082 | 0 | 0 |
_a823.9 _bLEG |
| 100 | 1 |
_aLewis, C. S. _q(Clive Staples), _d1898-1963. |
|
| 245 | 1 | 0 | _aThe great divorce / |
| 250 | _a[Christianity today ed.] | ||
| 260 |
_aNew York: _bIversen Associates, _c1969. |
||
| 300 |
_avii, 520 p. _c22 cm. |
||
| 500 | _aOn spine: The best of C. S. Lewis. | ||
| 505 | 0 | _aThe Screwtape letters.--The great divorce.--Miracles.--The case for Christianity.--Christian behaviour. | |
| 610 | 2 | 0 | _aChurch of England. |
| 650 | 0 | _aTheology. | |
| 740 | 0 | _aBest of C. S. Lewis. | |
| 906 |
_a7 _bcbc _corignew _du _encip _f19 _gy-gencatlg |
||
| 942 |
_2ddc _cBK |
||
| 999 |
_c152631 _d152631 |
||